000 00778nab a22002417a 4500
001 11081
003 HDC
007 cr bn ---aaaaa
008 210128c20140922my ||||o |||| 00| 00eng d
040 _aHDC
100 _aMiller, Alicia,
_eauthor
_911305
245 0 _aEating your ethics:
_bHalal meat /
_cAlicia Miller
336 _atext
_2rdacontent
337 _acomputer
_2rdamedia
338 _aonline resource
_2rdacarrier
650 _aFood
_xReligious aspect
_xIslam
_97432
650 _aIslamic ethics
_9277
710 _aThe Ecologist
856 _zRequest full-text at [email protected]
942 _2lcc
942 _cNEWS
942 _kNWSO 001490
999 _c8404
_d8404